Normal view
MARC view
- أبو جعفر النحاس-شعر
Entry Topical Term
001 - CONTROL NUMBER
- control field: 16657
003 - CONTROL NUMBER IDENTIFIER
- control field: JO-AjAnu
005 - DATE AND TIME OF LATEST TRANSACTION
- control field: 20230606072945.0
008 - FIXED-LENGTH DATA ELEMENTS
- fixed length control field: 230606|| aca||aabn | a|a d
040 ## - CATALOGING SOURCE
- Original cataloging agency: JO-AjAnu
- Transcribing agency: JO-AjAnu
150 ## - HEADING--TOPICAL TERM
- Topical term or geographic name entry element: أبو جعفر النحاس-شعر
670 ## - SOURCE DATA FOUND
- Source citation: Work cat.: (JO-AjAnu)8553: تاليف العمر،احمد خطاب, author 16656, ابو جعفر النحاس